Zákony I/2003. : Úplné znenie. Aktualizácia. Zošit 1. /

Uložené v:
Podrobná bibliografia
Médium: Kniha
Jazyk:Slovak
Vydané: Žilina : Poradca, s.r.o., 2003
Vydanie:1. vyd.
Témy:
ISBN: (brož.)
Fyzický popis: 104 s.
Tagy: Pridať tag
Žiadne tagy, Buďte prvý kto otaguje tento záznam!

MARC

LEADER 00000nam a2200000 a 4500
001 000078607
003 SVKK
005 20030717000000.0
008 030512s2003 cs e sloo
020 |a (brož.) 
040 |a SVKKK  |b slo  |c SVKKK  |e AACR2 
041 0 |a slo 
044 |a cs  |c CS 
080 |a 336.2(094)  |2 1997 
080 |a 657(094)  |2 1997 
245 0 0 |a Zákony I/2003. :  |b Úplné znenie. Aktualizácia. Zošit 1. /  |c Red. Soňa Handzová 
250 |a 1. vyd. 
260 |a Žilina :  |b Poradca, s.r.o.,  |c 2003 
300 |a 104 s. 
653 0 |a dane  |2 SVKKKPH 
653 0 |a poplatky  |2 SVKKKPH 
653 0 |a účtovníctvo  |2 SVKKKPH 
653 0 |a predpisy právne  |2 SVKKKPH 
655 7 |a zákony  |2 SVKKKPH 
700 1 |a Handzová, Soňa  |4 pfr 
910 |a svkkk 
974 |a UH  |d 20030716 
974 |a MI  |d 20030613 
974 |a MI  |d 20030717 
998 |a BK 
090 |g SCKHL  |k Sklad Pribinova 2. posch.  |a III.193814  |j 953357  |i 2720126312  |s Absenčne